Didáctica para la aplicación de los ejes transversales: propuesta teórico-práctica / Eduardo Rodríguez Lorenzo (Registro nro. 2325)

Detalles MARC
000 -LEADER
fixed length control field 00605nam a22002051a 4500
001 - CONTROL NUMBER
control field 2325
003 - CONTROL NUMBER IDENTIFIER
control field OSt
005 - DATE AND TIME OF LATEST TRANSACTION
control field 20260204211807.0
008 - FIXED-LENGTH DATA ELEMENTS--GENERAL INFORMATION
fixed length control field 040210s2003||||dr ||||||b||||||||||spa||
020 ## - NUMERO DE LIBRO INTERNACIONAL NORMALIZADO
International Standard Book Number 999346158x
050 ## - LIBRARY OF CONGRESS CALL NUMBER
Classification number RD 371.102 R619d
082 ## - DEWEY DECIMAL CLASSIFICATION NUMBER
Classification number RD 371.102 R619d
100 ## - ASIENTO PRINCIPAL -- NOMBRE PERSONAL
Personal name Rodríguez Lorenzo, Eduardo
245 ## - TÍTULO PROPIAMENTE DICHO: SUBTÍTULO
Title Didáctica para la aplicación de los ejes transversales: propuesta teórico-práctica / Eduardo Rodríguez Lorenzo
264 ## - PRODUCTION, PUBLICATION, DISTRIBUTION, MANUFACTURE, AND COPYRIGHT NOTICE
Place of production, publication, distribution, manufacture Santo Domingo : UCSD
300 ## - PHYSICAL DESCRIPTION
Extensión 143 p.
500 ## - GENERAL NOTE
General note Incluye bibliografías
650 ## - ASIENTO SECUNDARIO DE MATERIA -- TERMINO TEMÁTICO
Termino Temático Como Elemento de Entrada 1.Didáctica 2.PedagogíaÌ
942 ## - ADDED ENTRY ELEMENTS (KOHA)
Source of classification or shelving scheme Dewey Decimal Classification
Koha item type Libros
Existencias
Withdrawn status Lost status Source of classification or shelving scheme Damaged status Not for loan Current library Date acquired Total Checkouts Full call number Barcode Date last seen Price effective from Koha item type
    Dewey Decimal Classification     Biblioteca UTECO 09/09/2019   RD 371.102 R619D 006045 09/09/2019 09/09/2019 Libros
    Dewey Decimal Classification     Biblioteca UTECO 09/09/2019   RD 371.102 R619D 006046 09/09/2019 09/09/2019 Libros
    Dewey Decimal Classification     Biblioteca UTECO 09/09/2019   RD 371.102 R619D 006047 09/09/2019 09/09/2019 Libros
© 2021 Derechos Reservados UTECO - Teléfono: +1 809-585-2291 - Correo electrónico: biblioteca@uteco.edu.do​  
Código postal 43000 ​​
Dirección: Avenida Universitaria No. 100, 
Cotuí, Provincia Sánchez Ramírez, República Dominicana - RNC: 404-00059-6